| 000 | 00384nam a2200133Ia 4500 | ||
|---|---|---|---|
| 008 | 240624s9999 xx 000 0 und d | ||
| 041 | _aeng | ||
| 082 | _a378 DHA | ||
| 100 | _aDHARASKAR RAJIV V | ||
| 245 | _aWASHINGTON ACCORD AND MULTI OBJECTIVE IN | ||
| 260 |
_c2014 _aNew Delhi _bShroff Publishers & Distributors Pvt Ltd |
||
| 300 | _axxii, : 305 : p. : cm. ; 22 | ||
| 365 |
_cRS _b30 |
||
| 999 |
_c27067 _d27067 |
||